从steam简介猜独立游戏#4 Guess indie games from the steam introduction #4 - Statistics

General Stats
  • This quiz has been taken 14 times
  • The average score is 6 of 13
Answer Stats
描述 类型 游戏 % Correct
今天村里天气真不错,而你是一只可怕的鹅。 欢乐 Untitled Goose Game
71%
《**》长篇真人互动影像体验(橙光授权改编新作),创造属于每个人自己的谍战传奇! 人间正道是沧桑!谨以此作品向曾经奋斗在秘密战线的无名英雄们致敬! 角色扮演 隐形守护者
64%
用户化身男主角顾易,用第一视角沉浸式与六位长相、性格都大相径庭的美女相识,并与她们展开轻喜甜蜜的恋爱之旅。 魅惑魔女、清纯女生、知性姐姐、刁蛮大小姐、性感辣妈、冷艳总裁,与谁走到最后,由你来决定。 恋爱模拟 完蛋!我被美女包围了!
64%
《**》是一款打破边界的科幻游戏,通过创新的随机生成技术,打造了一个无尽宇宙供玩家自由探索,玩家可以穿越星际、挖掘未知星球、建立基地并与神秘外星生物共生,每个探险家都将书写属于自己的宇宙传奇。 开放世界 No Man's Sky 无人深空
64%
准备踏上一段史诗之旅,运筹各种防御塔和法术,保卫自己的王国抵御兽人、巨魔、邪恶巫师及其他卑鄙的恶魔!在森林、山脉和荒原与敌交战,以不同防御塔升级和特技,定制你的防御策略! 对敌人降下火雨,召唤援军,指挥部队,召募精灵战士,正面对抗传奇怪物,完成保护王国,抵御黑暗势力的使命! 塔防 Kingdom Rush - Tower Defense(王国保卫战)
57%
在《**》中,你扮演的不是精英士兵,而是一群在被围攻的城市中求存的平民。你们食物、药物紧缺,还得时刻防范狙击手和敌对的拾荒者。这款游戏从全新的角度让玩家体验身处战争的感受。 生存 This War of Mine(这是我的战争)
57%
浩瀚无垠的宇宙,未知的征程,作为**的一名工程师,你将前往陌生的星系,建造**。从一无所有白手起家,采集资源,规划设计生产线,逐步实现全自动化,将你的工厂从一个小作坊,发展成为庞大的跨星系工业帝国。探索未知的星球,发现珍奇,让你的足迹遍布星辰大海。 太空 戴森球计划
43%
《**》是一款太空殖民模拟游戏。 在外太空岩深处,你手下的勤劳开拓者们需要熟练掌握科技,战胜新的陌生生命形式,以及利用难以置信的太空技术来生存。甚至,还有可能繁荣起来。 殖民模拟 缺氧
43%
**是首款以社会生存为题材的游戏。作为世上最后一座城市的管理者,你必须对人民及里面的基础设施进行管理。你将会采取哪种决定来确保你的社会生存下去?当你被推到极限时,会采取什么策略?在此过程中,你将扮演什么角色? 城市营造 Frostpunk(冰汽时代)
43%
《**》是一个极具挑战性的哥特式类 Rogue 回合制 RPG,聚焦冒险的心理压力。招募、训练和领导一队有缺点的英雄,对抗难以想象的恐怖、压力、饥荒、疾病和不断侵蚀的黑暗。当失去了所有的希望,你是否还能将你的英雄团结在一起? 回合制战斗 Darkest Dungeon(暗黑地牢)
36%
在被“死亡之雨”摧毁的“边陲之国”,少女莉莉和不死骑士们的故事开始了。这是一款横板动作RPG游戏,在探索悲惨又绝美的世界的同时,重重遇到强敌一丝松懈都可能招来的致命攻击。请与同伴们一起探索这个世界的真相吧。 类银河战士恶魔城 ENDER LILIES: Quietus of the Knights(终焉之莉莉)
36%
你是一只流浪的蛞蝓猫,在破碎的生态系统中你既是捕食者又是猎物。拿起你的长矛,勇敢地穿越工业废墟,猎取足够的食物来生存,但要小心——其他更大的生物也有同样的计划……而且蛞蝓猫看起来很美味。 困难 雨世界
29%
来猎杀暗夜的魔物吧!杀出重围,迎来胜利的黎明! **是一款结合了哥特式恐怖和肉鸽元素的休闲游戏,通过一次次的选择让角色越变越强,身处怪物的重重包围也无所畏惧。 动作类Rogue Vampire Survivors 吸血鬼幸存者
29%
No matching quizzes found
Score Distribution
Percent of People with Each Score
Percentile by Number Answered
Your Score History
You have not taken this quiz